| 000 | 00986nam0a22002411 4500 | ||
|---|---|---|---|
| 001 | rc\590845 | ||
| 005 | 20250621174616.0 | ||
| 035 | _a(NLR Aleph) 005836066 | ||
| 090 |
_a5629416 _c5629416 |
||
| 100 | _a20031121d1986 |||y0rusy50 ca | ||
| 101 | 0 | _arus | |
| 102 | _aRU | ||
| 105 | _aa ||||||||| | ||
| 200 | 1 |
_aХаим Авраамович Аврутис _eЖивопись _eКаталог _f[Составитель В.В. Титкова _gАвт. статей В.С. Манин, Х.А. Аврутис] |
|
| 210 |
_aМ. _cСов. художник _d1986 |
||
| 215 |
_a[16] с., [9] л. ил., цв. ил. _cил. _d22 |
||
| 300 | _aВ надзаг.: Гл. упр. культуры Мособлисполкома. Моск. обл. орг. Союза художников РСФСР | ||
| 702 | 1 |
_aТиткова _bВ.В. _gВрубелина Васильевна _4220 |
|
| 801 | 0 |
_aRU _bNLR _gpsbo |
|
| 801 | 1 |
_aRU _bELAR _2rusmarc |
|
| 852 |
_aNLR _bЭ _jКП/А219 |
||
| 942 | _cBOOK | ||
| 980 | _aNB | ||